Central Library OPAC University of Rajshahi
Normal view MARC view

Entry Personal Name

Number of records used in: 1

001 - CONTROL NUMBER

  • control field: 3585

003 - CONTROL NUMBER IDENTIFIER

  • control field: BD-RjUL

005 - DATE AND TIME OF LATEST TRANSACTION

  • control field: 20220613171150.0

008 - FIXED-LENGTH DATA ELEMENTS

  • fixed length control field: 220613|| aca||aabn | a|a d

040 ## - CATALOGING SOURCE

  • Original cataloging agency: BD-RjUL
  • Transcribing agency: BD-RjUL

100 ## - HEADING--PERSONAL NAME

  • Fuller form of name: Fisheries -- Environmental aspects -- Mississippi River. Fisheries -- Environmental aspects -- China -- Yangtze River.
  • Chronological subdivision: Fishery resources. Fishes -- Ecology. Floodplains

670 ## - SOURCE DATA FOUND

  • Source citation: Work cat.: (BD-RjUL)79565: Ehshan, Md. Amimul 1884, Fisheries resources of a floodplain of the North-Western region of Bangladesh with reference to its environmental aspects /, 2011